<?xml version="1.0" encoding="UTF-8"?><?xml-stylesheet type="text/xsl" href="static/style.xsl"?><OAI-PMH xmlns="http://www.openarchives.org/OAI/2.0/" xmlns:xsi="http://www.w3.org/2001/XMLSchema-instance" xsi:schemaLocation="http://www.openarchives.org/OAI/2.0/ http://www.openarchives.org/OAI/2.0/OAI-PMH.xsd"><responseDate>2026-04-17T11:42:18Z</responseDate><request verb="GetRecord" identifier="oai:www.recercat.cat:11351/11534" metadataPrefix="marc">https://recercat.cat/oai/request</request><GetRecord><record><header><identifier>oai:recercat.cat:11351/11534</identifier><datestamp>2025-06-24T00:12:03Z</datestamp><setSpec>com_2072_378071</setSpec><setSpec>com_2072_378040</setSpec><setSpec>col_2072_378097</setSpec></header><metadata><record xmlns="http://www.loc.gov/MARC21/slim" xmlns:dcterms="http://purl.org/dc/terms/" xmlns:xsi="http://www.w3.org/2001/XMLSchema-instance" xmlns:doc="http://www.lyncode.com/xoai" xsi:schemaLocation="http://www.loc.gov/MARC21/slim http://www.loc.gov/standards/marcxml/schema/MARC21slim.xsd">
   <leader>00925njm 22002777a 4500</leader>
   <datafield ind2=" " ind1=" " tag="042">
      <subfield code="a">dc</subfield>
   </datafield>
   <datafield ind2=" " ind1=" " tag="720">
      <subfield code="a">Brik, Maia</subfield>
      <subfield code="e">author</subfield>
   </datafield>
   <datafield ind2=" " ind1=" " tag="720">
      <subfield code="a">Gil Cuevas, Judit</subfield>
      <subfield code="e">author</subfield>
   </datafield>
   <datafield ind2=" " ind1=" " tag="720">
      <subfield code="a">Mota Foix, Miriam</subfield>
      <subfield code="e">author</subfield>
   </datafield>
   <datafield ind2=" " ind1=" " tag="720">
      <subfield code="a">Barranco, Francisco José</subfield>
      <subfield code="e">author</subfield>
   </datafield>
   <datafield ind2=" " ind1=" " tag="720">
      <subfield code="a">Garcia-Ruiz, Itziar</subfield>
      <subfield code="e">author</subfield>
   </datafield>
   <datafield ind2=" " ind1=" " tag="720">
      <subfield code="a">SANDONIS, MIGUEL ANGEL</subfield>
      <subfield code="e">author</subfield>
   </datafield>
   <datafield ind2=" " ind1=" " tag="720">
      <subfield code="a">Hernandez Fleury, Alina</subfield>
      <subfield code="e">author</subfield>
   </datafield>
   <datafield ind2=" " ind1=" " tag="720">
      <subfield code="a">Maiz, Nerea</subfield>
      <subfield code="e">author</subfield>
   </datafield>
   <datafield ind2=" " ind1=" " tag="720">
      <subfield code="a">Carreras, Elena</subfield>
      <subfield code="e">author</subfield>
   </datafield>
   <datafield ind2=" " ind1=" " tag="260">
      <subfield code="c">2024-05-31T11:03:27Z</subfield>
   </datafield>
   <datafield ind2=" " ind1=" " tag="260">
      <subfield code="c">2024-05-31T11:03:27Z</subfield>
   </datafield>
   <datafield ind2=" " ind1=" " tag="260">
      <subfield code="c">2024-06</subfield>
   </datafield>
   <datafield ind2=" " ind1=" " tag="520">
      <subfield code="a">Cannabis; Fetal growth; Preterm birth</subfield>
   </datafield>
   <datafield ind2=" " ind1=" " tag="520">
      <subfield code="a">Canabis; Crecimiento fetal; Parto prematuro</subfield>
   </datafield>
   <datafield ind2=" " ind1=" " tag="520">
      <subfield code="a">Cannabis; Creixement fetal; Part prematur</subfield>
   </datafield>
   <datafield ind2=" " ind1=" " tag="520">
      <subfield code="a">Introduction&#xd;
Cannabis potency and its use during pregnancy have increased in the last decade. The aim of this study was to investigate the impact of antenatal cannabis use on fetal growth, preterm birth and other perinatal outcomes.&#xd;
Material and methods&#xd;
A propensity score-matched analysis was performed in women with singleton pregnancies attending a tertiary care site in Barcelona. Women in the cannabis group were selected based on the results of a detection test. Primary outcomes were small for gestational age at birth (SGA), low birthweight and preterm birth. Secondary outcomes were other biometric parameters (neonatal length and head circumference), respiratory distress, admission to the neonatal intensive care unit and breastfeeding at discharge. A second propensity score-matched analysis excluding other confounders (use of other recreational drugs and discontinuation of cannabis use during pregnancy) was performed.&#xd;
Results&#xd;
Antenatal cannabis was associated with a higher odds ratio of SGA (OR 3.60, 95% CI: 1.68–7.69), low birthweight (OR 3.94, 95% CI: 2.17–7.13), preterm birth at 37 weeks (OR 2.07, 95% CI: 1.12–3.84) and 32 weeks of gestation (OR 4.13, 95% CI: 1.06–16.11), admission to the neonatal intensive care unit (OR 1.95, 95% CI: 1.03–3.71), respiratory distress (OR 2.77, 95% CI: 1.26–6.34), and lower breastfeeding rates at discharge (OR 0.10, 95% CI: 0.05–0.18). When excluding other confounders, no significant association between antenatal cannabis use and SGA was found.&#xd;
Conclusions&#xd;
Antenatal cannabis use increases the risk of SGA, low birthweight, preterm birth and other adverse perinatal outcomes. However, when isolating the impact of cannabis use by excluding women who use other recreational drugs and those who discontinue cannabis during pregnancy, no significant association between antenatal cannabis use and SGA birth was found.</subfield>
   </datafield>
   <datafield ind2=" " ind1=" " tag="520">
      <subfield code="a">This research was funded by the Maternal and Fetal Medicine Research Group of Vall d'Hebron Research Institute (VHIR).</subfield>
   </datafield>
   <datafield tag="653" ind2=" " ind1=" ">
      <subfield code="a">Cànnabis</subfield>
   </datafield>
   <datafield tag="653" ind2=" " ind1=" ">
      <subfield code="a">Maltractament prenatal per abús de substàncies</subfield>
   </datafield>
   <datafield tag="653" ind2=" " ind1=" ">
      <subfield code="a">Infants prematurs</subfield>
   </datafield>
   <datafield tag="653" ind2=" " ind1=" ">
      <subfield code="a">Avaluació de resultats (Assistència sanitària)</subfield>
   </datafield>
   <datafield tag="653" ind2=" " ind1=" ">
      <subfield code="a">Embaràs - Complicacions</subfield>
   </datafield>
   <datafield tag="653" ind2=" " ind1=" ">
      <subfield code="a">ORGANISMS::Eukaryota::Plants::Viridiplantae::Streptophyta::Embryophyta::Tracheophyta::Magnoliopsida::Rosanae::Rosales::Cannabaceae::Cannabis</subfield>
   </datafield>
   <datafield tag="653" ind2=" " ind1=" ">
      <subfield code="a">Other subheadings::Other subheadings::Other subheadings::/adverse effects</subfield>
   </datafield>
   <datafield tag="653" ind2=" " ind1=" ">
      <subfield code="a">NAMED GROUPS::Persons::Age Groups::Infant::Infant, Newborn::Infant, Low Birth Weight::Infant, Small for Gestational Age</subfield>
   </datafield>
   <datafield tag="653" ind2=" " ind1=" ">
      <subfield code="a">DISEASES::Female Urogenital Diseases and Pregnancy Complications::Pregnancy Complications::Obstetric Labor Complications::Obstetric Labor, Premature::Premature Birth</subfield>
   </datafield>
   <datafield tag="653" ind2=" " ind1=" ">
      <subfield code="a">ANALYTICAL, DIAGNOSTIC AND THERAPEUTIC TECHNIQUES, AND EQUIPMENT::Diagnosis::Prognosis::Pregnancy Outcome</subfield>
   </datafield>
   <datafield tag="653" ind2=" " ind1=" ">
      <subfield code="a">ORGANISMOS::Eukaryota::plantas::Viridiplantae::Streptophyta::Embryophyta::Tracheophyta::Magnoliopsida::Rosanae::Rosales::Cannabaceae::Cannabis</subfield>
   </datafield>
   <datafield tag="653" ind2=" " ind1=" ">
      <subfield code="a">Otros calificadores::Otros calificadores::Otros calificadores::/efectos adversos</subfield>
   </datafield>
   <datafield tag="653" ind2=" " ind1=" ">
      <subfield code="a">DENOMINACIONES DE GRUPOS::personas::Grupos de Edad::lactante::recién nacido::recién nacido de bajo peso::recién nacido pequeño para su edad gestacional</subfield>
   </datafield>
   <datafield tag="653" ind2=" " ind1=" ">
      <subfield code="a">ENFERMEDADES::enfermedades de los genitales femeninos y complicaciones del embarazo::complicaciones del embarazo::complicaciones del parto::parto prematuro::nacimiento prematuro</subfield>
   </datafield>
   <datafield tag="653" ind2=" " ind1=" ">
      <subfield code="a">TÉCNICAS Y EQUIPOS ANALÍTICOS, DIAGNÓSTICOS Y TERAPÉUTICOS::diagnóstico::pronóstico::resultado del embarazo</subfield>
   </datafield>
   <datafield ind2="0" ind1="0" tag="245">
      <subfield code="a">Cannabis exposure during pregnancy and perinatal outcomes: A cohort study</subfield>
   </datafield>
</record></metadata></record></GetRecord></OAI-PMH>